| 000 | 00627nam a2200205 a 4500 | ||
|---|---|---|---|
| 005 | 20241004063719.0 | ||
| 008 | 991125c1968 par 000 0 fre u | ||
| 035 | _aUPN01000041710 | ||
| 049 | _aCG | ||
| 050 | 4 |
_aBF39 _bL4.5 |
|
| 100 | 1 |
_aLeif, Joseph Jacques _928981 |
|
| 245 | 1 | 0 |
_aNotions de psychométrie / _cJoseph Leif, Jean Delay, Jean-Jacques Guillarmé. |
| 260 |
_aParís : _bF. Nathan, _c1968. |
||
| 300 |
_a145 p. : _bil. |
||
| 500 | _aV.3 de: Psychologie et education | ||
| 650 | 4 |
_aPsicometría _99969 |
|
| 700 | 1 |
_aGuillarmé, _dJean-Jacques _ecoaut. |
|
| 700 | 1 |
_aDelay, Jean, _d1907-, _ecoaut. |
|
| 905 | _aLibro | ||
| 999 |
_c41710 _d41710 |
||